[Event "GBR-ch 65+ 106th"]
[Site "Torquay"]
[Date "2019.08.02"]
[Round "5.19"]
[White "Skinner, Nicholas H"]
[Black "Dennis, Nigel W"]
[Result "1/2-1/2"]
[WhiteElo "1905"]
[BlackElo "1745"]
[PlyCount "47"]
[EventDate "2019.07.29"]
[EventType "swiss"]
[EventRounds "7"]
[EventCountry "ENG"]
[SourceTitle "EXT 2021"]
[Source "ChessBase"]
[SourceDate "2020.10.23"]
[SourceVersion "1"]
[SourceVersionDate "2020.10.23"]
[SourceQuality "1"]

1. d4 Nf6 2. Bg5 g6 3. Bxf6 exf6 4. e3 Bg7 5. g3 0-0 6. Bg2 d5 7. Ne2 c6 8. Nd2 Be6 9. Nf4 Na6 10. 0-0 Nc7 11. c4 dxc4 12. Nxe6 fxe6 13. Nxc4 Qe7 14. Qb3 Rab8 15. Rac1 Rfd8 16. Rfd1 Kf8 17. a3 Ne8 18. Qc2 Nd6 19. b4 Nxc4 20. Qxc4 e5 21. dxe5 Qxe5 22. h4 f5 23. a4 Bf6 24. b5 1/2-1/2

[Event "GBR-ch 65+ 106th"]
[Site "Torquay"]
[Date "2019.07.29"]
[Round "1"]
[White "Friedgood, David"]
[Black "Skinner, Nicholas H"]
[Result "1/2-1/2"]
[WhiteElo "2177"]
[BlackElo "1905"]
[PlyCount "144"]
[EventDate "2019.07.29"]
[EventType "swiss"]
[EventRounds "7"]
[EventCountry "ENG"]
[SourceTitle "EXT 2020"]
[Source "ChessBase"]
[SourceDate "2019.10.17"]
[SourceVersion "1"]
[SourceVersionDate "2019.10.17"]
[SourceQuality "1"]

1. Nf3 d5 2. e3 Nf6 3. b3 e6 4. Bb2 Be7 5. d4 0-0 6. Bd3 Nbd7 7. Nbd2 b6 8. c4 Bb7 9. Qc2 h6 10. 0-0 c5 11. Rad1 Rc8 12. Qb1 Re8 13. Rfe1 Qc7 14. h3 Bd6 15. e4 dxe4 16. Nxe4 Nxe4 17. Bxe4 Bxe4 18. Qxe4 Nf6 19. Qe2 Qe7 20. d5 exd5 21. Qd3 Qd8 22. cxd5 Rxe1+ 23. Rxe1 Bb8 24. Qf5 Qd7 25. Qxd7 Nxd7 26. Nh4 g6 27. Nf3 Kf8 28. Nd2 f6 29. Re6 Re8 30. Ne4 f5 31. Nf6 Re7 32. g4 fxg4 33. hxg4 g5 34. Nxd7+ Rxd7 35. Rxh6 Bf4 36. Rh8+ Ke7 37. Rh6 Rxd5 38. Rh7+ Ke6 39. Rxa7 Rd1+ 40. Kg2 Rd6 41. Bg7 Kd5 42. Bf8 Re6 43. Rd7+ Kc6 44. Re7 Rxe7 45. Bxe7 b5 46. Kf3 Kd5 47. Ke2 c4 48. Bf6 cxb3 49. axb3 Ke4 50. Bb2 Bd6 51. f3+ Kd5 52. Bc1 Be7 53. f4 gxf4 54. Bxf4 Ke4 55. Bd2 Bf8 56. g5 Bg7 57. Bb4 Kf5 58. Be7 Ke6 59. Bd8 Kf5 60. Kd3 Bb2 61. Bf6 Ba3 62. Kd4 Bf8 63. Kd5 b4 64. Bd8 Bg7 65. Bf6 Bf8 66. Bd8 Bg7 67. Be7 Bc3 68. Kc4 Bd2 69. Bxb4 Bxg5 70. Kd5 Bd8 71. Bc3 Be7 72. b4 Bxb4 1/2-1/2

[Event "London Classic op 10th"]
[Site "London"]
[Date "2018.12.14"]
[Round "6"]
[White "Skinner, Nicholas H"]
[Black "Merriman, James"]
[Result "1/2-1/2"]
[WhiteElo "2028"]
[BlackElo "1696"]
[PlyCount "81"]
[EventDate "2018.12.09"]
[EventType "swiss"]
[EventRounds "9"]
[EventCountry "ENG"]
[SourceTitle "CBM 187 Extra"]
[Source "ChessBase"]
[SourceDate "2018.11.04"]
[SourceVersion "1"]
[SourceVersionDate "2018.11.04"]
[SourceQuality "1"]

1. d4 e6 2. Nf3 Nf6 3. g3 c5 4. Bg2 d5 5. 0-0 Nc6 6. e3 Bd6 7. dxc5 Bxc5 8. c4 0-0 9. cxd5 exd5 10. Qc2 Qe7 11. a3 Be6 12. b4 Bb6 13. Bb2 Rac8 14. Qe2 Rfd8 15. Rd1 Bg4 16. Nbd2 d4 17. Nc4 dxe3 18. Nxb6 exf2+ 19. Qxf2 axb6 20. Re1 Qd6 21. b5 Bxf3 22. Qxf3 Nd4 23. Bxd4 Qxd4+ 24. Qe3 Qxe3+ 25. Rxe3 Rd7 26. Bh3 Rcd8 27. Bxd7 Rxd7 28. Rae1 g6 29. Re7 Rd5 30. a4 Nd7 31. Re8+ Kg7 32. Rd8 Kf6 33. Re4 Rd2 34. h4 h5 35. Kf1 Rd5 36. Ke2 Rd6 37. Ke3 Rd5 38. Ke2 Rd6 39. Ke1 Rd5 40. Re3 Rd6 41. Ke2 1/2-1/2

[Event "London Classic op 10th"]
[Site "London"]
[Date "2018.12.10"]
[Round "2"]
[White "Skinner, Nicholas H"]
[Black "Ozturan, Cem"]
[Result "0-1"]
[WhiteElo "2028"]
[BlackElo "1707"]
[PlyCount "72"]
[EventDate "2018.12.09"]
[EventType "swiss"]
[EventRounds "9"]
[EventCountry "ENG"]
[SourceTitle "CBM 187 Extra"]
[Source "ChessBase"]
[SourceDate "2018.11.04"]
[SourceVersion "1"]
[SourceVersionDate "2018.11.04"]
[SourceQuality "1"]

1. d4 Nf6 2. Nf3 d5 3. c4 g6 4. cxd5 Nxd5 5. e4 Nb6 6. Be2 Bg7 7. 0-0 0-0 8. Nc3 Nc6 9. Be3 e5 10. d5 Ne7 11. Qc2 c6 12. dxc6 Nxc6 13. Nb5 Nd4 14. Nfxd4 exd4 15. Rfd1 dxe3 16. Rxd8 exf2+ 17. Kxf2 Rxd8 18. Rd1 Rxd1 19. Bxd1 Bd7 20. Nd6 Bc6 21. Qb3 Rf8 22. Bf3 Be5 23. Qb4 Rd8 24. Nb5 Nc8 25. g3 a6 26. Na3 Nd6 27. Nc2 Nb5 28. a4 Nd4 29. Qa5 Re8 30. Ne3 Nxf3 31. Kxf3 Bxe4+ 32. Ke2 Bxb2 33. Qd2 Bg7 34. Kf2 Bc6 35. Qb4 Re4 36. Nc4 b5 0-1

[Event "BCF-ch Seniors 65"]
[Site "Llandudno"]
[Date "2017.08.03"]
[Round "5"]
[White "Skinner, Nicholas H"]
[Black "Homolka, Vincent"]
[Result "1-0"]
[WhiteElo "1907"]
[BlackElo "1773"]
[PlyCount "103"]
[EventDate "2017.07.30"]
[EventType "swiss"]
[EventRounds "7"]
[EventCountry "WLS"]
[SourceTitle "CBM 179 Extra"]
[Source "ChessBase"]
[SourceDate "2017.08.23"]
[SourceVersion "1"]
[SourceVersionDate "2017.08.23"]
[SourceQuality "1"]

1. d4 d5 2. Bf4 e6 3. e3 Nf6 4. Nd2 Bd6 5. Bg3 0-0 6. c3 b6 7. Bd3 Bb7 8. Qc2 Nbd7 9. Ngf3 Qe7 10. Ne5 h6 11. h3 c5 12. 0-0 a6 13. Nxd7 Qxd7 14. Bxd6 Qxd6 15. f4 a5 16. Rae1 Ba6 17. Bxa6 Rxa6 18. e4 Nxe4 19. Nxe4 dxe4 20. Qxe4 Raa8 21. dxc5 Qxc5+ 22. Qe3 Qxe3+ 23. Rxe3 Rad8 24. Re5 Rd6 25. Rb5 f6 26. a4 Rc8 27. Rf3 Kf7 28. Kf2 Ke7 29. Ke2 Kd7 30. Rd3 Rcc6 31. Rg3 g5 32. fxg5 hxg5 33. h4 gxh4 34. Rg7+ Kd8 35. Rh5 Rd7 36. Rg8+ Kc7 37. Rxh4 Rd5 38. Rhh8 Kd6 39. Rd8+ Kc5 40. b3 Rcd6 41. Rc8+ Rc6 42. b4+ Kd6 43. Rhd8+ Ke5 44. Rxc6 Rxd8 45. Rxb6 axb4 46. cxb4 Rc8 47. a5 Rc2+ 48. Kf3 Ra2 49. a6 Kd5 50. b5 Kc5 51. Rb7 Ra5 52. a7 1-0

[Event "BCF-ch Seniors 65"]
[Site "Llandudno"]
[Date "2017.07.30"]
[Round "1"]
[White "Skinner, Nicholas H"]
[Black "Surtees, Michael"]
[Result "1/2-1/2"]
[WhiteElo "1907"]
[BlackElo "2084"]
[PlyCount "121"]
[EventDate "2017.07.30"]
[EventType "swiss"]
[EventRounds "7"]
[EventCountry "WLS"]
[SourceTitle "CBM 179 Extra"]
[Source "ChessBase"]
[SourceDate "2017.08.23"]
[SourceVersion "1"]
[SourceVersionDate "2017.08.23"]
[SourceQuality "1"]

1. d4 e6 2. Nf3 c5 3. g3 b5 4. Bg2 Bb7 5. 0-0 Nf6 6. Bg5 h6 7. Bxf6 gxf6 8. dxc5 Bxc5 9. Nbd2 Na6 10. c3 Nc7 11. e4 h5 12. h4 a5 13. Nb3 Be7 14. Qc2 e5 15. Rad1 a4 16. Nc1 Ne6 17. Rfe1 Nc5 18. Nd2 Ra6 19. Nd3 Nxd3 20. Qxd3 Bc6 21. Nf1 Bc5 22. Ne3 Bxe3 23. Qxe3 Qb6 24. Qxb6 Rxb6 25. a3 Ke7 26. Re3 d6 27. Red3 Bd7 28. f3 Be6 29. Kf2 Rd8 30. R3d2 Rc6 31. Bf1 Bb3 32. Re1 Rc5 33. Bh3 d5 34. exd5 Rcxd5 35. Rxd5 Rxd5 36. Ke3 Bc2 37. Bf1 f5 38. Rc1 Bb3 39. Be2 Kf6 40. f4 e4 41. Bxh5 Rd3+ 42. Kf2 Rd2+ 43. Ke3 Rg2 44. Be2 Rxg3+ 45. Kd4 Rg2 46. Bxb5 Rxb2 47. c4 Rf2 48. c5 Rxf4 49. c6 Be6 50. c7 Bc8 51. Rh1 Rf3 52. h5 Kg7 53. Bxa4 Rxa3 54. Bb5 Rb3 55. Kc5 Rc3+ 56. Kd6 Kh6 57. Be8 Be6 58. Bc6 e3 59. Bf3 Rc4 60. Re1 f4 61. Ke5 1/2-1/2

[Event "BCF-ch Week2 AM op"]
[Site "Coventry"]
[Date "2015.08.04"]
[Round "2"]
[White "Skinner, Nicholas H"]
[Black "Moore, Graham J"]
[Result "0-1"]
[WhiteElo "1892"]
[BlackElo "2100"]
[PlyCount "88"]
[EventDate "2015.08.03"]
[EventType "swiss"]
[EventRounds "5"]
[EventCountry "ENG"]
[SourceTitle "CBM 167 Extra"]
[Source "ChessBase"]
[SourceDate "2015.09.14"]
[SourceVersion "1"]
[SourceVersionDate "2015.09.14"]
[SourceQuality "1"]

1. d4 Nf6 2. Nf3 e6 3. c4 d5 4. Nc3 Be7 5. Bf4 0-0 6. e3 Nbd7 7. Qc2 c5 8. dxc5 Nxc5 9. Rd1 Qa5 10. Nd2 Nfe4 11. Ncxe4 Nxe4 12. a3 Bd7 13. Bd3 Ba4 14. b3 dxc4 15. Bxc4 Nxd2 16. Qxd2 Qxd2+ 17. Rxd2 Bc6 18. b4 a5 19. b5 Bxg2 20. Rg1 Rfc8 21. Rxg2 Rxc4 22. Be5 Bf8 23. Bb2 Rc5 24. a4 Rc4 25. Rd7 Rxa4 26. Rxb7 Rb4 27. f4 a4 28. Be5 Rb1+ 29. Kf2 a3 30. b6 a2 31. Ra7 a1Q 32. Bxa1 Rxa7 33. bxa7 Rxa1 34. a8Q Rxa8 35. Kf3 f5 36. Rc2 Kf7 37. h4 Ra1 38. Rh2 Rf1+ 39. Kg2 Rc1 40. Kf3 Rc3 41. h5 Bc5 42. Re2 Kf6 43. Re1 e5 44. fxe5+ Kxe5 0-1